El reino de Maya / (Registro nro. 7717)
[ vista simple ]
| 000 -LIDER | |
|---|---|
| fixed length control field | 00743nam a2200241 a 4500 |
| 001 - NÚMERO DE CONTROL | |
| Identificador de número de control | 000044385 |
| 003 - IDENTIFICACDOR DE NÚMERO DE CONTROL | |
| control field | DO-SdBNP |
| 005 - DATE AND TIME OF LATEST TRANSACTION | |
| control field | 20180327152539.0 |
| 007 - CAMPOS FIJOS DE DESCRIPCIÓN FÍSICA | |
| fixed length control field | 000044385 |
| 008 - ELEMENTOS DE LONGITUD FIJA | |
| fixed length control field | 140626s2010 dr a 000 0 spa d |
| 020 ## - ISBN | |
| International Standard Book Number | 9789945163599 |
| 040 ## - FUENTE DE CATALOGACIÓN | |
| Agencia que crea de manera original el registro | BPMET |
| Idioma de catalogación | spa |
| Agencia que realiza la transcripción | BPMET |
| 092 ## - LOCALLY ASSIGNED DEWEY DECIMAL CALL NUMBER | |
| Número de clasificación | xxxx |
| Número de ítem (Cutter) | xxxx |
| 100 1# - ASIENTO PRINCIPAL -- NOMBRE PERSONAL | |
| Nombre personal | Weyland, Karin |
| 245 13 - MENCIÓN DE TITULO | |
| Título | El reino de Maya / |
| Mención de responsabilidad | Karin Weyland ; ilustraciones Francisco Tiburcio. |
| 260 ## - PUBLICACIÓN, DISTRIBUCIÓN, ETC. (PIE DE IMPRENTA) | |
| Lugar de publicación, distribución, etc | Santo Domingo : |
| Nombre del editor, distribuidor, etc. | Buho, |
| Fecha de publicación, distribución, etc | 2010. |
| 300 ## - DESCRIPCIÓN FÍSICA | |
| Extensión | 77 p. : |
| Otros detalles físicos | il ; |
| Dimensiones | 22 cm. |
| 500 ## - NOTA GENERAL | |
| Nota general | Incluye datos biográficos de la autora en la solapa de la cubierta |
| 700 12 - ASIENTO SECUNDARIO -- NOMBRE PERSONAL | |
| Nombre personal | Tiburcio, Francisco |
| Mención de responsabilidad | il. |
| 942 ## - ADDED ENTRY ELEMENTS (KOHA) | |
| Source of classification or shelving scheme | Dewey Decimal Classification |
| Koha item type | Libros |
| 945 ## - INFORMACIÓN DE PROCESAMIENTO LOCAL | |
| Información de procesamiento local | Remanejado para la BNPHU / 2018 VM |
| 956 ## - LOCAL ELECTRONIC LOCATION AND ACCESS (OCLC) | |
| Nombre de host | VMATEO |
| Número de acceso | 10 |
| Información de compresión | 20150427 |
| Inicio de sesión | BPMSU |
| Procesador de solicitud | 00151 |
| Withdrawn status | Lost status | Source of classification or shelving scheme | Damaged status | Not for loan | Collection code | Home library | Current library | Date acquired | Total Checkouts | Barcode | Date last seen | Price effective from | Koha item type |
|---|---|---|---|---|---|---|---|---|---|---|---|---|---|
| Dewey Decimal Classification | Colección Infantil Dominicana | Biblioteca Pública Metropolitana Salomé Ureña | Biblioteca Pública Metropolitana Salomé Ureña | 04/27/2015 | BPMET15041396 | 04/27/2015 | 04/27/2015 | Libros |